|
|
|
|
| LEADER |
01300nam a2200361Ia 4500 |
| 001 |
EBC254794 |
| 003 |
MiAaPQ |
| 005 |
20200520144314.0 |
| 006 |
m o d | |
| 007 |
cr cn||||||||| |
| 008 |
031208s2004 enkab sb 001 0 eng d |
| 015 |
|
|
|a GBA3-U7003
|
| 020 |
|
|
|z 0761972161
|
| 020 |
|
|
|z 076197217X (PBK.)
|
| 035 |
|
|
|a (MiAaPQ)EBC254794
|
| 035 |
|
|
|a (Au-PeEL)EBL254794
|
| 035 |
|
|
|a (CaPaEBR)ebr10076770
|
| 035 |
|
|
|a (CaONFJC)MIL37070
|
| 035 |
|
|
|a (OCoLC)70743385
|
| 040 |
|
|
|a MiAaPQ
|c MiAaPQ
|d MiAaPQ
|
| 050 |
|
4 |
|a HB501
|b .S8 2004
|
| 082 |
0 |
4 |
|a 331
|2 21
|
| 245 |
0 |
0 |
|a Spaces of work
|h [electronic resource] :
|b global capitalism and the geographies of labour /
|c Noel Castree ... [et al.].
|
| 260 |
|
|
|a London ;
|a Thousand Oaks, CA :
|b SAGE,
|c 2004.
|
| 300 |
|
|
|a xviii, 303 p. :
|b ill., maps.
|
| 504 |
|
|
|a Includes bibliographical references (p. [284]-296) and index.
|
| 533 |
|
|
|a Electronic reproduction. Ann Arbor, MI : ProQuest, 2015. Available via World Wide Web. Access may be limited to ProQuest affiliated libraries.
|
| 650 |
|
0 |
|a Labor.
|
| 650 |
|
0 |
|a Capitalism.
|
| 655 |
|
4 |
|a Electronic books.
|
| 700 |
1 |
|
|a Castree, Noel,
|d 1968-
|
| 710 |
2 |
|
|a ProQuest (Firm)
|
| 856 |
4 |
0 |
|u https://ebookcentral.proquest.com/lib/matrademy/detail.action?docID=254794
|z Click to View
|